Basic and Clinical Pharmacology (Record no. 596)

MARC details
000 -LEADER
fixed length control field 00640nam a22002177a 4500
003 - CONTROL NUMBER IDENTIFIER
control field OSt
005 - DATE AND TIME OF LATEST TRANSACTION
control field 20161006191851.0
008 - FIXED-LENGTH DATA ELEMENTS--GENERAL INFORMATION
fixed length control field 140707b xxu||||| |||| 00| 0 eng d
020 ## - INTERNATIONAL STANDARD BOOK NUMBER
International Standard Book Number 978-0071604055
020 ## - INTERNATIONAL STANDARD BOOK NUMBER
International Standard Book Number 0071604057
040 ## - CATALOGING SOURCE
Transcribing agency DLN
082 ## - DEWEY DECIMAL CLASSIFICATION NUMBER
Classification number QV 4 K157b 2009
100 ## - MAIN ENTRY--PERSONAL NAME
9 (RLIN) 366
Personal name Bertram G Katzung, Susan B Masters, Anthony J Trevor
245 ## - TITLE STATEMENT
Title Basic and Clinical Pharmacology
250 ## - EDITION STATEMENT
Edition statement 11th ed.
260 ## - PUBLICATION, DISTRIBUTION, ETC. (IMPRINT)
Place of publication, distribution, etc. Boston :
Name of publisher, distributor, etc. The McGraw-Hill Companies;
Date of publication, distribution, etc. 2009.
300 ## - PHYSICAL DESCRIPTION
Extent vii, 1218 p. :
Other physical details Col.ill ;
Dimensions 29 cm.
504 ## - BIBLIOGRAPHY, ETC. NOTE
Bibliography, etc Includes bibliographical references and index
650 ## - SUBJECT ADDED ENTRY--TOPICAL TERM
Topical term or geographic name as entry element Pharmacology
9 (RLIN) 357
942 ## - ADDED ENTRY ELEMENTS (KOHA)
Source of classification or shelving scheme Other/Generic Classification Scheme
Koha item type Short Loan
Holdings
Withdrawn status Lost status Source of classification or shelving scheme Damaged status Not for loan Home library Current library Date acquired Source of acquisition Inventory number Total Checkouts Full call number Barcode Date last seen Koha item type
    Other/Generic Classification Scheme     MUST Main Library MUST Main Library 24/10/2014   00117   QV 4 K157b 2009 2014-3140 24/10/2014 Short Loan
    Other/Generic Classification Scheme     Pharmacy Department Library Pharmacy Department Library 20/03/2017   11/00153   QV 4 K157b 2009 2017-0405 20/03/2017 Short Loan
    Other/Generic Classification Scheme     Pharmacy Department Library Pharmacy Department Library 20/03/2017   11/00154   QV 4 K157b 2009 2017-0406 20/03/2017 Short Loan
    Other/Generic Classification Scheme     Pharmacy Department Library Pharmacy Department Library 02/10/2018   11/00157   QV 4 K157b 2009 2018-0341 02/10/2018 Short Loan